000 00421nam a2200181Ia 4500
001 23511
005 20260414150942.0
008 260414t2012||||xx |||||||||||||| ||spa||
041 _aESP
082 _a660
_bM96
100 _aMuñoz Camacho, Eugenio
_eAUT
245 0 _aIngeniería química
_b
260 _c2012
300 _a518 páginas :
_c24 cm.
650 _aTCA
654 _aCII
942 _cLIB
_dJUS
_fJUS
_2ddc
_n
999 _c23511
_d23511